书目信息 |
| 题名: |
过期糖
|
|
| 作者: | 王六鹅 著 | |
| 分册: | ||
| 出版信息: | 南京 江苏凤凰文艺出版社 2024.06 |
|
| 页数: | 249页 | |
| 开本: | 21cm | |
| 丛书名: | ||
| 单 册: | ||
| 中图分类: | I247.57 | |
| 科图分类: | ||
| 主题词: | 言情小说--中国--当代 , 长篇小说--中国--当代 | |
| 电子资源: | ||
| ISBN: | 978-7-5594-8720-9 | |
| 000 | 00878nam0 2200253 450 | |
| 001 | 012645463 | |
| 005 | 20251022124055.78 | |
| 010 | @a978-7-5594-8720-9@dCNY46.80 | |
| 100 | @a20240813d2024 em y0chiy0120 ea | |
| 101 | 0 | @achi |
| 102 | @aCN@b320000 | |
| 105 | @ay z 000ay | |
| 106 | @ar | |
| 200 | 1 | @a过期糖@9guo qi tang@f王六鹅著 |
| 210 | @a南京@c江苏凤凰文艺出版社@d2024.06 | |
| 215 | @a249页@d21cm | |
| 330 | @a本书讲述了:陈勉觉得自己很像站在赤道的人,被地球的两级同时拉扯牵引。一方在告诉他,远离成欣然,重圆只是破镜的幻觉,一切重逢终将会重蹈覆辙。可另一方又告诉他,接受成欣然,因为所有人都理应向往自己爱的人事物。 | |
| 510 | 1 | @aExpired sugar@zeng |
| 606 | 0 | @a言情小说@y中国@z当代 |
| 606 | 0 | @a长篇小说@y中国@z当代 |
| 690 | @aI247.57@v5 | |
| 701 | 0 | @a王六鹅@9wang liu e@4著 |
| 801 | 0 | @aCN@c20250909 |
| 905 | @a河南城建学院图书馆@dI247.57@eW260@ZW260@f1 | |
| 过期糖/王六鹅著.-南京:江苏凤凰文艺出版社,2024.06 |
| 249页;21cm |
| ISBN 978-7-5594-8720-9:CNY46.80 |
| 本书讲述了:陈勉觉得自己很像站在赤道的人,被地球的两级同时拉扯牵引。一方在告诉他,远离成欣然,重圆只是破镜的幻觉,一切重逢终将会重蹈覆辙。可另一方又告诉他,接受成欣然,因为所有人都理应向往自己爱的人事物。 |
| ● |
| 相关链接 |
|
|
|
正题名:过期糖
索取号:I247.57/W260
 
预约/预借
| 序号 | 登录号 | 条形码 | 馆藏地/架位号 | 状态 | 备注 |
| 1 | 1632019 | 216320194 | 文学库108/108文学库 53排2列3层/ [索取号:I247.57/W260] | 在馆 |